[Event "XXXIV Festival Conca della Presolana Magistrale"]
[Site "Bratto - Castione della Presolana ITA"]
[Date "2014.08.30"]
[Round "9"]
[White "Bonassi, Tommaso"]
[Black "Podini, Francesco"]
[WhiteElo "2012"]
[BlackElo "2031"]
[Result "1-0"]
[PlyCount "79"]
[EventDate "2014.08.22"]

1. e4 c5 2. Nf3 e6 3. d4 cxd4 4. Nxd4 Nf6 5. Nc3 d6 6. Bc4 a6 7. Bb3 b5 8. f3
Qc7 9. Be3 Nbd7 10. Qe2 Nc5 11. O-O-O Nxb3+ 12. axb3 Be7 13. g4 Bb7 14. h4 Nd7
15. g5 O-O 16. h5 Rfe8 17. Rdg1 b4 18. Na4 Bf8 19. g6 fxg6 20. hxg6 h6 21. Qh2
Nf6 22. Bxh6 gxh6 23. g7 Bxg7 24. Qxh6 Kf8 25. Qh3 Rac8 26. Rh2 Kf7 27. Rxg7+
Kxg7 28. Nxe6+ Rxe6 29. Qxe6 Qf7 30. Rg2+ Kf8 31. Qxd6+ Ke8 32. Nc5 Rc6 33.
Nxb7 Qxb7 34. Qh2 Nd7 35. f4 Qb5 36. Rd2 Qf1+ 37. Rd1 Qf3 38. Qd2 Rc7 39. e5
Qe4 40. e6 1-0

[Event "XXXIV Festival Conca della Presolana Magistrale"]
[Site "Bratto - Castione della Presolana ITA"]
[Date "2014.08.30"]
[Round "9"]
[White "Bonato, Mariano"]
[Black "Ranieri, Fabrizio"]
[WhiteElo "2139"]
[BlackElo "2247"]
[Result "1/2-1/2"]
[PlyCount "26"]
[EventDate "2014.08.22"]

1. e4 e6 2. d4 d5 3. Nd2 Nf6 4. Bd3 c5 5. exd5 exd5 6. Ngf3 c4 7. Be2 Bd6 8.
O-O O-O 9. Re1 Nc6 10. Nf1 h6 11. Ng3 Bg4 12. Ne5 Bxe2 13. Rxe2 Qc7 1/2-1/2

[Event "XXXIV Festival Conca della Presolana Magistrale"]
[Site "Bratto - Castione della Presolana ITA"]
[Date "2014.08.30"]
[Round "9"]
[White "Czakon, Jakub"]
[Black "Aghayev, Miragha"]
[WhiteElo "2474"]
[BlackElo "2357"]
[Result "1/2-1/2"]
[PlyCount "77"]
[EventDate "2014.08.22"]

1. e4 e5 2. Nf3 Nc6 3. Bb5 Nf6 4. d3 Bc5 5. Nc3 a6 6. Bxc6 dxc6 7. h3 h6 8. Ne2
Qe7 9. Ng3 Bd6 10. Be3 Be6 11. O-O O-O-O 12. c3 c5 13. Nd2 Qd7 14. Nc4 h5 15.
Qf3 Ng4 16. Nf5 Bxc4 17. dxc4 Nxe3 18. Nxe3 Qe6 19. Rfd1 g6 20. a4 Be7 21. Nd5
c6 22. Nb6+ Kc7 23. a5 Rxd1+ 24. Rxd1 Rd8 25. Rxd8 Bxd8 26. Qe3 Qd6 27. Qh6 Qf6
28. Qf8 Qe7 29. Qg8 h4 30. Kf1 Qf6 31. Ke2 Qf4 32. Kd3 Qc1 33. Na8+ Kc8 34. g4
Qd1+ 35. Ke3 Kb8 36. Nb6 Ka7 37. Nc8+ Kb8 38. Nb6 Ka7 39. Nc8+ 1/2-1/2

[Event "XXXIV Festival Conca della Presolana Magistrale"]
[Site "Bratto - Castione della Presolana ITA"]
[Date "2014.08.30"]
[Round "9"]
[White "Ferro, Mario"]
[Black "Janev, Evgeni"]
[WhiteElo "2242"]
[BlackElo "2439"]
[Result "1-0"]
[PlyCount "83"]
[EventDate "2014.08.22"]

1. d4 Nf6 2. c4 g6 3. Nf3 Bg7 4. g3 O-O 5. Bg2 d6 6. O-O c6 7. Nc3 Qa5 8. e4
Bg4 9. h3 Bxf3 10. Qxf3 Nbd7 11. Rd1 c5 12. dxc5 Qxc5 13. e5 Nxe5 14. Qxb7 Nxc4
15. Qxe7 Rfe8 16. Qb7 Rab8 17. Qf3 Re6 18. b3 Ne5 19. Qe3 Qa5 20. Qd2 d5 21.
Bb2 Rd8 22. Nxd5 Rxd5 23. Bxd5 Qxd5 24. Qxd5 Nxd5 25. Rxd5 Nf3+ 26. Kg2 Bxb2
27. Rb1 Ne1+ 28. Kf1 Bc3 29. Rc1 Bb4 30. a3 Bxa3 31. Rxe1 Rb6 32. Re3 a6 33.
Rd8+ Kg7 34. Rd7 Kf8 35. Rf3 Be7 36. Ra7 Rc6 37. Kg2 h5 38. Rd3 Rf6 39. Re3 Bc5
40. Rf3 Re6 41. Raxf7+ Ke8 42. R7f6 1-0

[Event "XXXIV Festival Conca della Presolana Magistrale"]
[Site "Bratto - Castione della Presolana ITA"]
[Date "2014.08.30"]
[Round "9"]
[White "Franciosi, Fausto"]
[Black "Bresciani, Nicola"]
[WhiteElo "2101"]
[BlackElo "2226"]
[Result "1/2-1/2"]
[PlyCount "34"]
[EventDate "2014.08.22"]

1. d4 Nf6 2. Nf3 e6 3. c4 b6 4. a3 Bb7 5. Nc3 d5 6. Bg5 Be7 7. Bxf6 Bxf6 8.
cxd5 exd5 9. Qa4+ c6 10. g3 O-O 11. Bg2 c5 12. Rd1 c4 13. O-O a6 14. Qc2 b5 15.
b3 Nd7 16. bxc4 dxc4 17. Ng5 Bxg5 1/2-1/2

[Event "XXXIV Festival Conca della Presolana Magistrale"]
[Site "Bratto - Castione della Presolana ITA"]
[Date "2014.08.30"]
[Round "9"]
[White "Garofalo, Pietro"]
[Black "Bianco, Valerio"]
[WhiteElo "2073"]
[BlackElo "2058"]
[Result "1/2-1/2"]
[PlyCount "96"]
[EventDate "2014.08.22"]

1. b3 Nf6 2. Bb2 g6 3. Bxf6 exf6 4. c4 Bg7 5. Nc3 f5 6. Rc1 Nc6 7. g3 d6 8. Bg2
Bd7 9. e3 Rb8 10. Nge2 a6 11. O-O O-O 12. Nd5 Ne7 13. Nec3 c6 14. Nxe7+ Qxe7
15. a4 Qd8 16. b4 Be6 17. Qe2 a5 18. b5 c5 19. Rfd1 Qb6 20. Nd5 Bxd5 21. Bxd5
Rfe8 22. Qf3 Re7 23. Kg2 Be5 24. h4 h5 25. d3 Kg7 26. Rd2 Bf6 27. Qd1 Qc7 28.
d4 f4 29. exf4 Bxd4 30. f5 Re5 31. fxg6 fxg6 32. f4 Rxd5 33. cxd5 Be3 34. Re2
Bxc1 35. Qxc1 Qf7 36. Qb2+ Kh6 37. Re6 Rd8 38. Qd2 Qf5 39. Kf2 b6 40. Re7 Rf8
41. Qc3 Rg8 42. Qd2 Rg7 43. Re6 Rd7 44. Qe3 Qc2+ 45. Kf3 Qd1+ 46. Kf2 Qc2+ 47.
Ke1 Qb1+ 48. Kf2 Qc2+ 1/2-1/2

[Event "XXXIV Festival Conca della Presolana Magistrale"]
[Site "Bratto - Castione della Presolana ITA"]
[Date "2014.08.30"]
[Round "9"]
[White "Gentili, Gianguido"]
[Black "Ceccarini, Marco"]
[WhiteElo "2099"]
[BlackElo "2094"]
[Result "1/2-1/2"]
[PlyCount "48"]
[EventDate "2014.08.22"]

1. e4 g6 2. d4 Bg7 3. Nc3 c6 4. Be3 d5 5. Qd2 Nf6 6. e5 Ng4 7. Bf4 h5 8. O-O-O
Nh6 9. Nf3 Bg4 10. Be2 Bxf3 11. Bxf3 e6 12. Bg5 Qa5 13. Kb1 Na6 14. h3 c5 15.
g4 cxd4 16. Qxd4 Qc5 17. Qa4+ Qc6 18. Qf4 Rc8 19. Be2 Nc7 20. a4 a6 21. Rd4 Bf8
22. Bf6 Rg8 23. Rhd1 b5 24. axb5 axb5 1/2-1/2

[Event "XXXIV Festival Conca della Presolana Magistrale"]
[Site "Bratto - Castione della Presolana ITA"]
[Date "2014.08.30"]
[Round "9"]
[White "Gilevych, Artem"]
[Black "Cattaneo, Marco"]
[WhiteElo "2362"]
[BlackElo "2151"]
[Result "1-0"]
[PlyCount "97"]
[EventDate "2014.08.22"]

1. d4 Nf6 2. Nf3 g6 3. c4 Bg7 4. Nc3 O-O 5. e4 d6 6. Be2 e5 7. d5 a5 8. Bg5 h6
9. Bh4 g5 10. Bg3 Nh5 11. O-O Na6 12. Nd2 Nf4 13. Bg4 Nc5 14. f3 c6 15. Bf2
Nfd3 16. Bxc5 Nxc5 17. Qc2 Qb6 18. Kh1 Bf6 19. Rfd1 Rd8 20. Nf1 Be7 21. Rac1 a4
22. Ng3 Qb4 23. Qe2 Bf8 24. Bxc8 Raxc8 25. Nf5 Rd7 26. g3 Qa5 27. Kg2 Qd8 28.
Rh1 Rcc7 29. h4 f6 30. Rh2 Rh7 31. Rch1 Rcd7 32. Nd1 cxd5 33. cxd5 Rdf7 34.
Nde3 Qe8 35. hxg5 hxg5 36. Kg1 Rc7 37. Rxh7 Rxh7 38. Rxh7 Kxh7 39. Ng4 Qg6 40.
Qb5 Qf7 41. b4 axb3 42. axb3 Kg6 43. Nge3 Qd7 44. Qb6 Na6 45. Kg2 Qc7 46. Qb5
Kf7 47. b4 Be7 48. Nc4 g4 49. Nh6+ 1-0

[Event "XXXIV Festival Conca della Presolana Magistrale"]
[Site "Bratto - Castione della Presolana ITA"]
[Date "2014.08.30"]
[Round "9"]
[White "Hunt, Adam C."]
[Black "Steingrimsson, Hedinn"]
[WhiteElo "2428"]
[BlackElo "2536"]
[Result "1/2-1/2"]
[PlyCount "81"]
[EventDate "2014.08.22"]

1. e4 e6 2. d4 d5 3. Nc3 Nf6 4. Bg5 Be7 5. e5 Nfd7 6. h4 h6 7. Be3 c5 8. Qg4 g6
9. h5 g5 10. f4 cxd4 11. Bxd4 Nc6 12. Nf3 Nxd4 13. Nxd4 gxf4 14. Qg7 Bh4+ 15.
Kd1 Rf8 16. Nf3 Be7 17. Qxh6 Qb6 18. Rb1 Nc5 19. Qxf4 Bd7 20. Bd3 O-O-O 21. b4
Ne4 22. Nxe4 dxe4 23. Qxe4 Bc6 24. Qe2 f5 25. exf6 Bxf6 26. Nd2 Qd4 27. Re1 e5
28. Ne4 Be7 29. b5 Bd5 30. Qe3 Qa4 31. Nc3 Qg4+ 32. Qe2 Qxg2 33. Nxd5 Qxd5 34.
Qxe5 Bh4 35. Qxd5 Rxd5 36. Rh1 Rxh5 37. Rb4 Rfh8 38. Ra4 Kb8 39. Rf4 Be7 40.
Rxh5 Rxh5 41. Ke2 1/2-1/2

[Event "XXXIV Festival Conca della Presolana Magistrale"]
[Site "Bratto - Castione della Presolana ITA"]
[Date "2014.08.30"]
[Round "9"]
[White "Lavorgna, Giovanni"]
[Black "Ventura, Salvatore"]
[WhiteElo "1962"]
[BlackElo "2059"]
[Result "1/2-1/2"]
[PlyCount "90"]
[EventDate "2014.08.22"]

1. Nf3 c5 2. c4 g6 3. g3 Bg7 4. Bg2 Nf6 5. Nc3 Nc6 6. O-O O-O 7. d4 cxd4 8.
Nxd4 Nxd4 9. Qxd4 d6 10. Qh4 Qa5 11. Bg5 Be6 12. Rac1 Rac8 13. b3 Rc5 14. Nd5
Bxd5 15. cxd5 Rxc1 16. Rxc1 Qxa2 17. Qc4 a6 18. Rc2 Qb1+ 19. Rc1 Qf5 20. Bf4 g5
21. e4 Qg6 22. Be3 Ng4 23. Bd4 Bxd4 24. Qxd4 Qg7 25. Qd2 Qe5 26. Bf3 Nf6 27. h3
h6 28. Qb4 b5 29. Rc6 Qa1+ 30. Kg2 Rb8 31. Rc7 a5 32. Qd2 Kf8 33. h4 a4 34.
hxg5 hxg5 35. bxa4 bxa4 36. Qxg5 Ng8 37. Qf5 Qf6 38. Ra7 Qxf5 39. exf5 Rb4 40.
Bd1 Nf6 41. Bxa4 Nxd5 42. Bc6 Nf6 43. Bf3 d5 44. Ra8+ Kg7 45. Ra7 Kf8 1/2-1/2

[Event "XXXIV Festival Conca della Presolana Magistrale"]
[Site "Bratto - Castione della Presolana ITA"]
[Date "2014.08.30"]
[Round "9"]
[White "Murgia, Andrea"]
[Black "Cugini, Verter"]
[WhiteElo "1967"]
[BlackElo "2079"]
[Result "1-0"]
[PlyCount "67"]
[EventDate "2014.08.22"]

1. e4 e6 2. d4 d5 3. Nd2 Nf6 4. e5 Ne4 5. Bd3 Nxd2 6. Bxd2 c5 7. c3 Qb6 8. Nf3
c4 9. Bc2 Qxb2 10. O-O Nc6 11. Ng5 Be7 12. f4 g6 13. a4 Qb6 14. g4 Nd8 15. a5
Qc7 16. f5 Bxg5 17. Bxg5 exf5 18. Bf6 Rg8 19. Qc1 fxg4 20. Qh6 Ne6 21. Qxh7 Rf8
22. Qh6 Rb8 23. Qc1 Bd7 24. Qa3 Bc6 25. Rf2 b5 26. Qb4 Kd7 27. Be7 Rbe8 28. Bd6
Qd8 29. Rf6 Rh8 30. Rxf7+ Kc8 31. Be7 Rxe7 32. Rxe7 Ng5 33. Qc5 Nf3+ 34. Kf1
1-0

[Event "XXXIV Festival Conca della Presolana Magistrale"]
[Site "Bratto - Castione della Presolana ITA"]
[Date "2014.08.30"]
[Round "9"]
[White "Pakleza, Zbigniew"]
[Black "David, Alberto"]
[WhiteElo "2498"]
[BlackElo "2565"]
[Result "1/2-1/2"]
[PlyCount "90"]
[EventDate "2014.08.22"]

1. d4 Nf6 2. Bf4 g6 3. e3 Bg7 4. Nf3 d6 5. h3 O-O 6. Be2 c5 7. c3 Qb6 8. Qb3
Be6 9. Qxb6 axb6 10. a3 Bd5 11. Nbd2 Bc6 12. O-O Nbd7 13. Rfd1 Ne4 14. Nxe4
Bxe4 15. Bg3 Bc6 16. Rab1 Nf6 17. Nd2 Ne4 18. Nxe4 Bxe4 19. Rbc1 Rfc8 20. Bf4
Kf8 21. Kf1 Rc7 22. Ra1 Rcc8 23. Rdc1 f5 24. Rd1 Bc6 25. Bg3 Bf6 26. Rd2 Ke8
27. Bh2 h5 28. Bd3 Bd7 29. Ke2 Be6 30. Rg1 Kf7 31. f3 Ra5 32. Bg3 Bb3 33. Bf2
cxd4 34. cxd4 h4 35. Ra1 Rc7 36. Ke1 Ra8 37. Bb5 Rac8 38. Rd3 Bd5 39. Ba4 Bc4
40. Rd2 Bd5 41. Rd3 Bc4 42. Rd2 Bd5 43. Rd3 Bc4 44. Rd2 Bd5 45. Rd3 Bc4 1/2-1/2

[Event "XXXIV Festival Conca della Presolana Magistrale"]
[Site "Bratto - Castione della Presolana ITA"]
[Date "2014.08.30"]
[Round "9"]
[White "Qendro, Llambi"]
[Black "Locatelli, Andrea"]
[WhiteElo "2330"]
[BlackElo "2138"]
[Result "1/2-1/2"]
[PlyCount "54"]
[EventDate "2014.08.22"]

1. d4 Nf6 2. c4 g6 3. Nc3 Bg7 4. e4 d6 5. f3 O-O 6. Be3 c5 7. d5 e6 8. Qd2 exd5
9. cxd5 a6 10. a4 Re8 11. Nge2 Nbd7 12. Nc1 Ne5 13. Be2 Nh5 14. O-O f5 15. Bg5
Bf6 16. Bxf6 Qxf6 17. f4 Nf7 18. Bxh5 gxh5 19. exf5 Bxf5 20. N1e2 h4 21. Rae1
Re7 22. Kh1 Rae8 23. Ng1 Nh8 24. Nf3 Ng6 25. Rxe7 Rxe7 26. Re1 h3 27. Rxe7 Qxe7
1/2-1/2

[Event "XXXIV Festival Conca della Presolana Magistrale"]
[Site "Bratto - Castione della Presolana ITA"]
[Date "2014.08.30"]
[Round "9"]
[White "Sharma, Dinesh K."]
[Black "Castaldo, Folco"]
[WhiteElo "2359"]
[BlackElo "2436"]
[Result "1/2-1/2"]
[PlyCount "79"]
[EventDate "2014.08.22"]

1. e4 g6 2. d4 Bg7 3. Nc3 d6 4. Bc4 c6 5. Qf3 e6 6. Nge2 b5 7. Bb3 a5 8. a3 Ba6
9. d5 cxd5 10. exd5 e5 11. Ne4 h6 12. g4 Nf6 13. N2g3 Nxe4 14. Nxe4 O-O 15. g5
h5 16. Rg1 Nd7 17. Be3 Qe7 18. Qh3 Rab8 19. c3 b4 20. axb4 Bd3 21. Nf6+ Nxf6
22. gxf6 Bxf6 23. Rxa5 e4 24. Ra7 Rb7 25. Rxb7 Qxb7 26. Kd2 Qb5 27. Qxh5 Bg7
28. Qg5 Bf1 29. Qg4 Ra8 30. Rxf1 Qxf1 31. Qxe4 Ra1 32. Qe8+ Bf8 33. Bc2 Qe1+
34. Kd3 Ra2 35. Kc4 Rxb2 36. Bxg6 fxg6 37. Qxg6+ Bg7 38. Qe8+ Kh7 39. Qh5+ Kg8
40. Qe8+ 1/2-1/2

[Event "XXXIV Festival Conca della Presolana Magistrale"]
[Site "Bratto - Castione della Presolana ITA"]
[Date "2014.08.30"]
[Round "9"]
[White "Stopa, Jacek"]
[Black "Gleizerov, Evgeny"]
[WhiteElo "2498"]
[BlackElo "2552"]
[Result "1-0"]
[PlyCount "123"]
[EventDate "2014.08.22"]

1. Nf3 e6 2. c4 f5 3. g3 Nf6 4. Bg2 Be7 5. O-O O-O 6. Nc3 c6 7. d3 d6 8. b4 Na6
9. b5 cxb5 10. Nxb5 Nc5 11. Nfd4 a6 12. Nc3 Nfd7 13. Nb3 Rb8 14. Nxc5 dxc5 15.
Bf4 e5 16. Bd2 Nf6 17. a4 b6 18. a5 bxa5 19. Nd5 Rb4 20. Rxa5 Qxa5 21. Nxe7+
Kh8 22. Nc6 Qb6 23. Nxb4 cxb4 24. Qa4 a5 25. Ra1 Bb7 26. c5 Qc7 27. c6 Ba8 28.
Qxa5 Qxa5 29. Rxa5 b3 30. Rxe5 Rc8 31. Rxf5 Bxc6 32. Bxc6 Rxc6 33. Rb5 Rc2 34.
Rb8+ Ng8 35. Be3 b2 36. Kg2 Rxe2 37. Kf3 Rc2 38. Bd4 Rc7 39. Bxb2 h6 40. Be5
Rd7 41. d4 Kh7 42. Rf8 h5 43. Kf4 Ne7 44. Re8 Kg6 45. Ke4 Nd5 46. Rf8 Nc3+ 47.
Kd3 Nd5 48. f4 Ra7 49. Kc4 Ne3+ 50. Kb5 Ra2 51. h3 Rg2 52. Kc6 Nf5 53. g4 hxg4
54. hxg4 Rxg4 55. d5 Rg1 56. d6 Rd1 57. d7 Ne7+ 58. Kc7 Rc1+ 59. Kd6 Nf5+ 60.
Ke6 Rc6+ 61. Kd5 Ne7+ 62. Ke4 1-0

[Event "XXXIV Festival Conca della Presolana Magistrale"]
[Site "Bratto - Castione della Presolana ITA"]
[Date "2014.08.30"]
[Round "9"]
[White "Sulava, Nenad"]
[Black "Roeder, Matthias"]
[WhiteElo "2462"]
[BlackElo "2422"]
[Result "1/2-1/2"]
[PlyCount "106"]
[EventDate "2014.08.22"]

1. e4 c5 2. Nf3 d6 3. Bc4 Nf6 4. d3 Nc6 5. c3 a6 6. Bb3 Bg4 7. h3 Bh5 8. g4 Bg6
9. Nh4 e5 10. Nxg6 hxg6 11. g5 Nh5 12. Qf3 Qc7 13. h4 Nd8 14. Na3 Ne6 15. Nc4
Nhf4 16. Bxf4 Nxf4 17. O-O-O d5 18. Ne3 d4 19. Nd5 Nxd5 20. Bxd5 dxc3 21. bxc3
Rh5 22. Kc2 Rb8 23. Rb1 b5 24. Qg4 Rd8 25. Rh3 Rd7 26. Rf3 Kd8 27. Kd2 Bd6 28.
Ke2 Re7 29. Rh1 a5 30. Kf1 b4 31. Kg2 Rh8 32. Rfh3 Qd7 33. Qd1 f6 34. h5 Rxh5
35. Rxh5 gxh5 36. Qxh5 Kc7 37. cxb4 axb4 38. g6 Re8 39. Qf3 Rb8 40. Rh5 Rf8 41.
Bc4 Rb8 42. Rh7 Bf8 43. Bd5 Rd8 44. Bc4 Kb6 45. Rh8 Be7 46. Rh1 Bd6 47. Kg3 Rf8
48. Rh5 f5 49. Rxf5 Qxf5 50. Qxf5 Rxf5 51. exf5 Be7 52. Kf3 Kc6 53. Ke4 Kd6
1/2-1/2

[Event "XXXIV Festival Conca della Presolana Magistrale"]
[Site "Bratto - Castione della Presolana ITA"]
[Date "2014.08.30"]
[Round "9"]
[White "Sveshnikov, Vladimir"]
[Black "Rambaldi, Francesco"]
[WhiteElo "2380"]
[BlackElo "2444"]
[Result "1/2-1/2"]
[PlyCount "137"]
[EventDate "2014.08.22"]

1. e4 e6 2. d4 d5 3. Nd2 Be7 4. Bd3 c5 5. dxc5 Nf6 6. Ngf3 dxe4 7. Nxe4 Nxe4 8.
Bxe4 Qxd1+ 9. Kxd1 Bxc5 10. Ke2 Nd7 11. Bf4 Nf6 12. Bd3 Nd5 13. Bd2 Bd6 14. g3
Nb4 15. Bb5+ Ke7 16. c3 a6 17. Ba4 Nc6 18. Rhe1 e5 19. Kf1 f6 20. Nd4 Na5 21.
Bc2 g6 22. f4 Nc4 23. Bc1 Bh3+ 24. Kg1 Kd7 25. Nf3 exf4 26. Bxf4 Bxf4 27. gxf4
Rhe8 28. Kf2 Kc7 29. b3 Nd6 30. Nd4 Bd7 31. h4 a5 32. Bd3 b6 33. Rxe8 Bxe8 34.
Re1 Kd7 35. f5 Bf7 36. Kf3 Rg8 37. c4 g5 38. hxg5 Rxg5 39. Kf4 Rg2 40. Be2 Rg8
41. Bf3 h5 42. Rd1 Kc7 43. Rc1 Rc8 44. Rg1 Ne8 45. Nb5+ Kd7 46. Nc3 Ke7 47.
Re1+ Kf8 48. Rd1 Rc7 49. Nb5 Rc5 50. Rd8 Ke7 51. Rb8 Ng7 52. Rb7+ Kf8 53. Nd6
Be8 54. Rxg7 Kxg7 55. Nxe8+ Kf7 56. Nd6+ Ke7 57. Ne4 Rc8 58. Bxh5 a4 59. Nc3
axb3 60. axb3 Kd8 61. Ne4 Ke7 62. Bf3 Rd8 63. Ke3 Ra8 64. Nxf6 Ra3 65. Nd5+ Kd6
66. Bd1 b5 67. Kd4 bxc4 68. bxc4 Ra4 69. Bxa4 1/2-1/2

[Event "XXXIV Festival Conca della Presolana Magistrale"]
[Site "Bratto - Castione della Presolana ITA"]
[Date "2014.08.30"]
[Round "9"]
[White "Ulybin, Mikhail"]
[Black "Sveshnikov, Evgeny E."]
[WhiteElo "2501"]
[BlackElo "2502"]
[Result "1/2-1/2"]
[PlyCount "99"]
[EventDate "2014.08.22"]

1. d4 d5 2. c4 e6 3. Nf3 Nf6 4. g3 Bb4+ 5. Bd2 Be7 6. Bg2 c6 7. Qb3 O-O 8. O-O
b6 9. Nc3 Ba6 10. cxd5 cxd5 11. Ne5 Nfd7 12. Nxd5 exd5 13. Nxf7 Rxf7 14. Bxd5
Nf6 15. Bxf7+ Kh8 16. Qf3 Nbd7 17. Bf4 Qf8 18. Be6 Re8 19. Rfc1 Bd6 20. Bxd7
Nxd7 21. Bxd6 Qxd6 22. Qa3 Qxa3 23. bxa3 Bxe2 24. Rc7 Bg4 25. f3 Bh3 26. Kf2
Nf6 27. Re1 Rd8 28. Rxa7 h5 29. Ree7 Bd7 30. d5 b5 31. d6 Kg8 32. h3 Kf8 33. g4
hxg4 34. hxg4 Be8 35. Rxg7 Rxd6 36. Kg3 Rd3 37. Rge7 Bd7 38. Re5 Bxg4 39. Rxb5
Rxf3+ 40. Kg2 Rd3 41. Rb8+ Ne8 42. Rb2 Rd7 43. Rxd7 Bxd7 44. Kf3 Ke7 45. Ke4
Kd6 46. Kd4 Nc7 47. Rb6+ Bc6 48. a4 Nd5 49. Ra6 Nb4 50. Rb6 1/2-1/2

[Event "XXXIV Festival Conca della Presolana Open A"]
[Site "Bratto - Castione della Presolana ITA"]
[Date "2014.08.23"]
[Round "1"]
[White "Bettini, Alessandro"]
[Black "Gardi, Giuseppe"]
[WhiteElo "1829"]
[BlackElo "1965"]
[Result "0-1"]
[PlyCount "112"]
[EventDate "2014.08.23"]

1. d4 d6 2. Nf3 g6 3. e4 Bg7 4. c3 Nf6 5. Bd3 O-O 6. O-O Nc6 7. Bg5 h6 8. Bxf6
Bxf6 9. Re1 e5 10. d5 Ne7 11. Nbd2 Bg7 12. c4 c6 13. Qb3 c5 14. Nf1 f5 15. Ng3
f4 16. Nh1 g5 17. Nd2 g4 18. Bf1 Ng6 19. Rac1 h5 20. Rc3 Bh6 21. Rd1 Rf7 22.
Be2 b6 23. f3 Bd7 24. Nf1 Rg7 25. Kf2 Qe8 26. Qa3 Qe7 27. Ke1 Nh4 28. Kf2 Nxg2
29. fxg4 Ne3 30. Nxe3 fxe3+ 31. Rxe3 Bxe3+ 32. Qxe3 Rf8+ 33. Ke1 Bxg4 34. Kd2
Bxe2 35. Qxe2 Qg5+ 36. Kc3 Qg2 37. Re1 Rf3+ 38. Kd2 h4 39. Qxg2 Rxg2+ 40. Re2
Rxe2+ 41. Kxe2 Rh3 42. Nf2 Rxh2 43. Kf3 h3 44. Kg3 Rg2+ 45. Kf3 Kf8 46. a3 Ke7
47. b4 Rg1 48. Nxh3 Ra1 49. bxc5 Rxa3+ 50. Kg4 bxc5 51. Ng5 Ra1 52. Nf3 a5 53.
Nd2 a4 54. Kf3 a3 55. Nb3 Rb1 56. Nd2 a2 0-1

[Event "XXXIV Festival Conca della Presolana Open A"]
[Site "Bratto - Castione della Presolana ITA"]
[Date "2014.08.23"]
[Round "1"]
[White "Bex, Lennert"]
[Black "Oteri, Aldo"]
[WhiteElo "1882"]
[BlackElo "1752"]
[Result "1-0"]
[PlyCount "113"]
[EventDate "2014.08.23"]

1. c4 e5 2. Nc3 Nc6 3. g3 g6 4. Bg2 Bg7 5. e3 f5 6. d3 Nf6 7. Nge2 O-O 8. Bd2
d6 9. Nd5 Be6 10. Bc3 Qd7 11. d4 exd4 12. Nxd4 Nxd4 13. Bxd4 c6 14. Nxf6+ Bxf6
15. Bxf6 Rxf6 16. Qd4 Qe7 17. O-O-O Bf7 18. h4 Qe5 19. b3 Qxd4 20. Rxd4 Kf8 21.
Rhd1 Ke7 22. e4 fxe4 23. Rxe4+ Kd7 24. f4 Be6 25. Rde1 Raf8 26. Bf3 R8f7 27.
R4e3 d5 28. Rd1 Kd6 29. Red3 Bf5 30. R3d2 Rc7 31. Kb2 Ke7 32. cxd5 cxd5 33.
Bxd5 Rd6 34. Bf3 Rxd2+ 35. Rxd2 h5 36. Bd1 Kf6 37. a4 b6 38. Be2 Re7 39. Rd6+
Kf7 40. Bd3 Bxd3 41. Rxd3 Kf6 42. Kc3 Kf5 43. Rd5+ Kf6 44. Kd4 Re6 45. b4 a6
46. a5 Rc6 47. axb6 Rxb6 48. Kc4 Ke6 49. Rg5 Kf6 50. f5 Rb5 51. Rxg6+ Kxf5 52.
Rg5+ Ke4 53. Rxb5 axb5+ 54. Kxb5 Kf3 55. Kc4 Kxg3 56. b5 Kxh4 57. b6 1-0

[Event "XXXIV Festival Conca della Presolana Open A"]
[Site "Bratto - Castione della Presolana ITA"]
[Date "2014.08.23"]
[Round "1"]
[White "Boccalatte, Piero"]
[Black "Guerini, Sara"]
[WhiteElo "1924"]
[BlackElo "1766"]
[Result "1-0"]
[PlyCount "67"]
[EventDate "2014.08.23"]

1. d4 d5 2. c4 e6 3. Nc3 Nf6 4. Bg5 Be7 5. e3 Nbd7 6. cxd5 exd5 7. Bd3 O-O 8.
Qc2 c6 9. Nge2 Re8 10. O-O Nf8 11. f3 h6 12. Bh4 Ne6 13. Rad1 Bd6 14. h3 g5 15.
Bf2 Qc7 16. e4 Be7 17. e5 Nh5 18. Bh7+ Kg7 19. Bf5 Nhf4 20. Ng3 Rh8 21. Rfe1
Nf8 22. Be3 N8g6 23. Bxg6 fxg6 24. Bxf4 gxf4 25. Nxd5 Qd8 26. Nxf4 Qe8 27. Ne4
Bf5 28. Qb3 Qd7 29. Ng3 Bh4 30. Nxf5+ Qxf5 31. Qxb7+ Qf7 32. Ne6+ Kg8 33. Qxa8+
Kh7 34. Qxc6 1-0

[Event "XXXIV Festival Conca della Presolana Open A"]
[Site "Bratto - Castione della Presolana ITA"]
[Date "2014.08.23"]
[Round "1"]
[White "Cerutti, Fabio Maria"]
[Black "Nunziata, Vincenzo"]
[WhiteElo "1761"]
[BlackElo "1911"]
[Result "0-1"]
[PlyCount "64"]
[EventDate "2014.08.23"]

1. e4 d6 2. d4 Nf6 3. Nc3 c6 4. f4 Qa5 5. Bd3 e5 6. Nf3 Nbd7 7. Bd2 Qc7 8. O-O
Be7 9. Qe1 O-O 10. fxe5 dxe5 11. Bg5 exd4 12. Nxd4 Bc5 13. Nce2 Qe5 14. Bxf6
Nxf6 15. c3 Ng4 16. Qg3 Qxg3 17. Nxg3 Ne5 18. Be2 Re8 19. Kh1 Bd7 20. Rad1 Rad8
21. h3 Bb6 22. Nf3 Nxf3 23. Rxf3 Be6 24. a3 Rxd1+ 25. Bxd1 Rd8 26. Be2 Rd2 27.
b4 Bc7 28. Bf1 Ra2 29. c4 Ra1 30. Kh2 h5 31. h4 Bg4 32. Rf2 Rxa3 0-1

[Event "XXXIV Festival Conca della Presolana Open A"]
[Site "Bratto - Castione della Presolana ITA"]
[Date "2014.08.23"]
[Round "1"]
[White "Franciosi, Claudio"]
[Black "Raselli, Claudio"]
[WhiteElo "1727"]
[BlackElo "1867"]
[Result "0-1"]
[PlyCount "74"]
[EventDate "2014.08.23"]

1. e4 c5 2. Nf3 e6 3. d4 cxd4 4. Nxd4 a6 5. Nc3 Qc7 6. Be2 Nf6 7. O-O Bb4 8.
Qd3 Nc6 9. Nxc6 dxc6 10. a3 Be7 11. b4 e5 12. Qg3 Be6 13. f4 g6 14. fxe5 Nd7
15. Bf4 g5 16. Be3 Qxe5 17. Qxe5 Nxe5 18. Bd4 Bd6 19. Bh5 O-O 20. Rad1 Bc7 21.
Ne2 Rfd8 22. Ng3 Rxd4 23. Rxd4 Bb6 24. Rfd1 Rd8 25. c3 Bxd4+ 26. Rxd4 Rxd4 27.
cxd4 Nc4 28. Nf5 Bxf5 29. exf5 Nxa3 30. d5 cxd5 31. Bf3 Nc2 32. Bxd5 Nxb4 33.
Bxb7 a5 34. Be4 a4 35. Kf2 a3 36. Bb1 a2 37. Bxa2 Nxa2 0-1

[Event "XXXIV Festival Conca della Presolana Open A"]
[Site "Bratto - Castione della Presolana ITA"]
[Date "2014.08.23"]
[Round "1"]
[White "Gagliardi, Claudio"]
[Black "Rossini, Fulvio"]
[WhiteElo "1779"]
[BlackElo "1930"]
[Result "1/2-1/2"]
[PlyCount "118"]
[EventDate "2014.08.23"]

1. e4 e6 2. d4 d5 3. e5 c5 4. c3 Nc6 5. Nf3 Qb6 6. a3 Nh6 7. b4 cxd4 8. cxd4
Nf5 9. Bb2 Bd7 10. Be2 Be7 11. O-O f6 12. Re1 fxe5 13. dxe5 O-O 14. Nbd2 Ncd4
15. Bd3 Nxf3+ 16. Nxf3 g6 17. Bxf5 Rxf5 18. Bd4 Qd8 19. Rc1 a5 20. Bc5 axb4 21.
Bxb4 Bxb4 22. axb4 Qf8 23. Rc7 Bc6 24. b5 Bxb5 25. Rxb7 Bc4 26. Qd4 Ra6 27. Qh4
Rf7 28. Rxf7 Qxf7 29. Rb1 Ra8 30. Ng5 Qe7 31. Qg4 Bd3 32. Rc1 Bf5 33. Qg3 h6
34. Nf3 Qa3 35. Qf4 Qf8 36. Qd2 Ra7 37. h3 g5 38. Nd4 Rf7 39. f3 Re7 40. Qc3
Kg7 41. Qc5 Bh7 42. Qd6 Bg8 43. Rc7 Rxc7 44. Qxc7+ Kg6 45. Qc6 Qe7 46. g4 Qa7
47. Qc2+ Kg7 48. Qd2 Qf7 49. Kg2 Bh7 50. Kg3 Qe7 51. Qe3 Bg8 52. f4 gxf4+ 53.
Qxf4 Qg5 54. h4 Qe7 55. g5 hxg5 56. hxg5 Kg6 57. Kg4 Qf7 58. Qh2 Qh7 59. Qc2+
Kg7 1/2-1/2